000 005470000a22001930004500
999 _c49153
_d49153
001 2003
003 CO-MdFUSB
005 20170928143923.0
008 170928b xxu||||| |||| 00| 0 eng d
020 _a978-0-8054-4795-8
040 _cCO-MdBIC
082 0 4 _a868HC M821a
100 1 _aMorgan Robert J.
245 1 0 _aLas aventuras de Lola Mazola en mundo feliz mi libro sobre Juan 3:16 / Robert J. Morgan ; ilustracion Glin Dibley
260 _aEE.UU : B&H Publishing Goup
300 _a[46 P.]
650 1 4 _aCuento Cristiano
942 _cLGB